000 00468nam a2200181Ia 4500
008 090124s9999 xx 000 0 und d
082 _b121354
100 _aबोधे व. बा.
245 _a रान चिमणी
250 _a1
260 _c1986
300 _a184
600 _aबोधे व. बा.
630 _a रान चिमणी
700 _aबोधे व. बा.
730 _a रान चिमणी
942 _cBOOK
999 _c167440
_d167440